| 000 | 00781nam a2200205Ii 4500 | ||
|---|---|---|---|
| 003 | JO-AjNU | ||
| 008 | 230605s9999||||xx |||||||||||||| ||und|| | ||
| 017 | _a2004/16912 | ||
| 040 |
_aJO-AjNU _bara _erda _cJO-AjNU |
||
| 041 | _aara | ||
| 050 | 1 | 4 | _aCR3575.M35.2005 |
| 100 | 3 |
_aالمنظمة العربية للتنمية الادارية، القاهرة , _eauthor _932865 |
|
| 245 | 0 | 0 | _aالمجالس الوزارية: بررتوكول جلوس الوزراء في مجالس الوزراء |
| 264 | 3 | 1 | _aالقاهرة: المنظمة العربية للتنمية الادارية، 2005 |
| 300 | _a160ص | ||
| 336 |
_atext _btxt _2rdacontent |
||
| 337 |
_aunmediated _bn _2rdamedia |
||
| 338 |
_avolume _bnc _2rdacarrier |
||
| 650 | 4 |
_aالوزراء-مجالس _932866 |
|
| 999 |
_aA13316 _c16884 _d16884 |
||